Revolución en la constitución : perspectiva de la constitución, la ideología y los grupos de presión en México.

Guardat en:
Dades bibliogràfiques
Autor principal: Velázquez, Manuel (autor)
Format: Llibre
Idioma:espanyol
Matèries:
Etiquetes: Afegir etiqueta
Sense etiquetes, Sigues el primer a etiquetar aquest registre!

MARC

LEADER 00000cam^a2200000uu^4500
001 000486227
005 20250521000000.0
008 030309s1969^^^^^^^^^^^^rd^r^^000^0^spa^d
009 20260310125217.796
035 |a FCE 000029333 
035 |a FCE 030320 
037 |a Acervo ITESO - Biblioteca 
041 |a spa 
082 0 4 |a 342.972  |b VELr 
100 |a Velázquez, Manuel  |e (autor) 
245 1 0 |a Revolución en la constitución :  |b perspectiva de la constitución, la ideología y los grupos de presión en México. 
264 |a México :  |b B. Costa-Amic,  |c 1969. 
300 |a 309 p. 
336 |a texto  |b txt  |2 rdacontenido 
337 |a sin mediación  |b n  |2 rdamedio 
338 |a volumen  |b nc  |2 rdasoporte 
649 |a XX 
650 |a Historia 
650 |a Constitución política 
650 |a Ideología 
650 |a Revolución 
650 |a Grupo social 
650 |a Políticas sociales 
910 |a Fondo Centro de Estudios Educativos 
920 |a Impresos - Libros 
930 |a Fondos Especiales 
905 |a 133 
901 |a ALE030320  |b IT2  |c CEE  |u 20250521 
902 |a https://opac.biblio.iteso.mx/vufind/Record/000486227